[Event "TCh-CZE Extraliga 2012-13"]
[Site "Czech Republic CZE"]
[Date "2012.12.01"]
[Round "3.2"]
[White "Fedorov,Alex"]
[Black "Tazbir,M"]
[Result "1-0"]
[WhiteElo "2590"]
[BlackElo "2555"]

1.e4 e6 2.d4 d5 3.Nc3 Nf6 4.e5 Nfd7 5.Nce2 c5 6.c3 Nc6 7.Nf3 Qa5 8.a3 cxd4
9.b4 Qb6 10.cxd4 a5 11.b5 Qxb5 12.Nc3 Qb6 13.Rb1 Qd8 14.Bd3 Be7 15.O-O O-O
16.Bc2 Re8 17.h4 Nf8 18.h5 b6 19.h6 g6 20.Qd2 Ba6 21.Re1 Rc8 22.Ba4 Nd7 23.Bb5 Ndb8
24.Bxa6 Nxa6 25.Na4 Rb8 26.Qd3 b5 27.Rxb5 Nc7 28.Rb2 Qc8 29.Rc2 Nb5 30.Nc5 Nba7
31.Bg5 Qd8 32.Bxe7 Qxe7 33.Rec1 Red8 34.Qe3 Rbc8 35.Qf4 Rc7 36.Rb2 Rb8 37.Rxb8+ Nxb8
38.Rb1 Nac6 39.Rb6 Qd8 40.Nb7 Qf8 41.Nd6 Rd7 42.Nh2 f5 43.Nf3 Qd8 44.Rb2 Na6
45.Rc2 Nab8 46.Qc1 Qb6 47.g3 Rd8 48.Kg2 Qc7 49.Rb2 Rd7 50.Ne8  1-0

[Event "5th Kolkata Open"]
[Site "Kolkata IND"]
[Date "2012.12.11"]
[Round "9.29"]
[White "Kathmale,S"]
[Black "Gomes,Mary"]
[Result "0-1"]
[WhiteElo "2281"]
[BlackElo "2382"]

1.e4 e6 2.d4 d5 3.Nc3 Nf6 4.e5 Nfd7 5.f4 c5 6.Nf3 Nc6 7.Ne2 cxd4 8.Nexd4 Bc5
9.c3 Qb6 10.g3 Ndb8 11.Bh3 Nxd4 12.cxd4 Bb4+ 13.Kf2 Nc6 14.Kg2 Be7 15.Rf1 Bd7
16.b3 Rc8 17.Bb2 a5 18.Rf2 O-O 19.g4 f6 20.f5 fxe5 21.dxe5 Bc5 22.Rf1 d4
23.Qe1 Nb4 24.Qh4 exf5 25.gxf5 Bxf5 26.Bxf5 Rxf5 27.Qe4 Rcf8 28.Nh4 Rxf1
29.Rxf1 Rxf1 30.Kxf1 Qc6 31.Qxc6 Nxc6 32.Nf3 Kf7 33.Ng5+ Kg6 34.Ne6 b6 35.Ke2 Kf5
36.Nxg7+ Kxe5 37.Nh5 Nb4 38.a4 Bd6 39.Bc1 Kf5 40.h3 Be5 41.Bd2 Ke4 42.Bg5 Nd5
43.Bd8 d3+ 44.Ke1 Bc3+ 45.Kf2 d2 46.Ke2 Ne3  0-1

[Event "1st Korbach GM"]
[Site "Korbach GER"]
[Date "2012.12.11"]
[Round "2.6"]
[White "Izso,D"]
[Black "Poetsch,H"]
[Result "1-0"]
[WhiteElo "2331"]
[BlackElo "2458"]

1.e4 e6 2.d4 d5 3.Nc3 Nf6 4.e5 Nfd7 5.f4 c5 6.Nf3 Nc6 7.Be3 a6 8.Qd2 Qb6
9.O-O-O Qa5 10.dxc5 Nxc5 11.Kb1 b5 12.Bd3 Nb4 13.Nd4 Bd7 14.Rhf1 Na4 15.Nxa4 Qxa4
16.a3 Nxd3 17.Qxd3 b4 18.b3 Qxa3 19.f5 Be7 20.fxe6 fxe6 21.Qe2 g6 22.Qg4 O-O-O
23.Nc6 Bxc6 24.Qxe6+ Bd7 25.Qxe7 Qa5 26.e6 Bc6 27.Rf7 Rde8 28.Qa7  1-0

[Event "1st Korbach GM"]
[Site "Korbach GER"]
[Date "2012.12.11"]
[Round "3.6"]
[White "Lampert,J"]
[Black "Svane,R"]
[Result "1/2-1/2"]
[WhiteElo "2288"]
[BlackElo "2371"]

1.e4 e6 2.d4 d5 3.Nc3 Nf6 4.e5 Nfd7 5.f4 c5 6.Nf3 a6 7.Be3 Qb6 8.a3 Nc6 9.dxc5 Bxc5
10.Na4 Qa5+ 11.b4 Qxa4 12.bxc5 O-O 13.Bd3 Qa5+ 14.Bd2 Qxc5 15.c4 f6 16.cxd5 exd5
17.e6 Re8 18.Bxh7+ Kxh7 19.Ng5+ fxg5 20.Qh5+ Kg8 21.Qf7+ Kh7 22.Qh5+  1/2-1/2

[Event "4th Penang Heritage City Open"]
[Site "Penang MAS"]
[Date "2012.12.11"]
[Round "1.5"]
[White "Lim,DeL"]
[Black "De Ramos,Ju"]
[Result "1-0"]
[WhiteElo "1863"]
[BlackElo "2362"]

1.e4 e6 2.d4 d5 3.Nc3 Nf6 4.e5 Nfd7 5.f4 c5 6.Nf3 Nc6 7.Be3 a6 8.g3 b5 9.Bh3 Qb6
10.Ne2 g6 11.O-O h5 12.c3 Be7 13.Qc2 Na5 14.Ng5 Nc4 15.Bf2 Nb8 16.Kh1 Nc6
17.b3 Na3 18.Qb2 cxd4 19.Nxd4 Nxd4 20.Bxd4 Qc6 21.Rac1 Bd7 22.Qf2 Rc8 23.Qe3 Rc7
24.Bg2 Bc5 25.Qd2 Qb6 26.Bxc5 Qxc5 27.Qb2 Qe7 28.Bf3 Kf8 29.c4 bxc4 30.Bxd5 Qc5
31.bxc4 Ke7 32.Ne4 Qa5 33.Rf3 Nxc4 34.Bxc4 Rhc8 35.Qd4 Kf8 36.Rfc3 Bc6 37.Kg1 Bxe4
38.Qxe4 Kg7 39.Qd4 Qa4 40.f5 gxf5 41.Qf4 Kh7 42.Qh4 Kg8 43.Qd4 Kg7 44.Qd3 Qa5
45.R1c2  1-0

[Event "5th Kolkata Open"]
[Site "Kolkata IND"]
[Date "2012.12.12"]
[Round "10.28"]
[White "Konguvel,P"]
[Black "Rathnakaran,K"]
[Result "1/2-1/2"]
[WhiteElo "2359"]
[BlackElo "2435"]

1.e4 e6 2.d4 d5 3.Nc3 Nf6 4.e5 Nfd7 5.f4 c5 6.Nf3 a6 7.Be3 b5 8.Qd2 Bb7 9.Bd3 Qb6
10.O-O Nc6 11.Qf2 cxd4 12.Nxd4 Nxd4 13.Bxd4 Qxd4 14.Qxd4 Bc5 15.Ne2 Bxd4+
16.Nxd4 g5 17.fxg5 Nxe5 18.Rae1 Nc4 19.g6 hxg6 20.Bxg6 fxg6 21.Rxe6+ Kd8
22.Rf7 Kc8 23.b3 Na5 24.Rxg6 Kb8 25.Rgg7 b4 26.g4 Ka7 27.c3 bxc3 28.b4 Rag8
29.bxa5 Rxg7 30.Rxg7 Rc8 31.Nc2 Rd8  1/2-1/2

[Event "1st Korbach GM"]
[Site "Korbach GER"]
[Date "2012.12.12"]
[Round "5.2"]
[White "Zwahr,P"]
[Black "Poetsch,H"]
[Result "1/2-1/2"]
[WhiteElo "2303"]
[BlackElo "2458"]

1.e4 e6 2.d4 d5 3.Nc3 Nf6 4.e5 Nfd7 5.f4 c5 6.Nf3 Nc6 7.Be3 Be7 8.dxc5 Bxc5
9.Qd2 Qb6 10.Bxc5 Nxc5 11.O-O-O O-O 12.Bd3 Nb4 13.Kb1 d4 14.Ne4 Na4 15.b3 Nd5
16.Nxd4 Qxd4 17.bxa4 Rd8 18.Nf6+ Kh8 19.Qe2 Qb4+ 20.Ka1 Qc3+ 21.Kb1 Qb4+  1/2-1/2

[Event "5th Kolkata Open"]
[Site "Kolkata IND"]
[Date "2012.12.13"]
[Round "11.17"]
[White "Hossain,Enam"]
[Black "Sundararajan,K"]
[Result "1/2-1/2"]
[WhiteElo "2496"]
[BlackElo "2434"]

1.e4 e6 2.d4 d5 3.Nc3 Nf6 4.e5 Nfd7 5.Nf3 c5 6.dxc5 Nc6 7.Bf4 Bxc5 8.Bd3 f6
9.exf6 Qxf6 10.Bg3 O-O 11.O-O Nd4 12.Nxd4 Bxd4 13.Qd2 Nb6 14.Rad1 Bxc3 15.Qxc3 Qxc3
16.bxc3 Bd7 17.Be5 Bc6 18.Rde1 Nc4 19.f4 Nxe5 20.Rxe5 Rf6 21.g3 Rc8 22.c4 dxc4
23.Bxc4 Bd5 24.Bb3 Bxb3 25.cxb3 Kf7 26.Rfe1 Rc2 27.R1e2 Rxe2 28.Rxe2 Rf5
29.Rc2 Kf6 30.Kg2 Rb5 31.Rc7 e5 32.fxe5+  1/2-1/2

[Event "1st Korbach GM"]
[Site "Korbach GER"]
[Date "2012.12.14"]
[Round "8.3"]
[White "Izso,D"]
[Black "Svane,R"]
[Result "1/2-1/2"]
[WhiteElo "2331"]
[BlackElo "2371"]

1.e4 e6 2.d4 d5 3.Nc3 Nf6 4.e5 Nfd7 5.f4 c5 6.Nf3 Nc6 7.Be3 Qb6 8.Na4 Qc7
9.Nxc5 Nxd4 10.Bxd4 Nxc5 11.Bd3 Bd7 12.O-O Be7 13.c3 a5 14.Bc2 b5 15.a3 O-O
16.Ng5 h6 17.Qh5 Be8 18.Qh3 Bd7 19.b4 axb4 20.axb4 Ne4 21.Nxe4 dxe4 22.Bxe4 Bc6
23.Qf3 Bxe4 24.Qxe4 Rxa1 25.Rxa1 Qc4 26.Ra7 f5 27.Qf3 Rf7 28.Qh5 Qd3 29.h3 Qb1+
30.Kh2 Qc1 31.Qf3 Bf8 32.Rxf7 Kxf7 33.Qb7+ Be7 34.Qxb5 Qxf4+ 35.Kg1 Qd2 36.Qc4 Bg5
37.b5 Qe1+ 38.Qf1 Be3+ 39.Bxe3 Qxe3+ 40.Qf2 Qxc3 41.b6 Qb4 42.g3 Ke7 43.Kh2 g5
44.Qe3 Ke8 45.h4 gxh4 46.Qxh6 hxg3+ 47.Kxg3 Qg4+ 48.Kf2 Qd4+ 49.Kf1 Qxb6
50.Qg6+ Kd8 51.Qg8+ Ke7 52.Qg7+ Ke8 53.Qg8+ Kd7 54.Qf7+ Kc8 55.Qe8+ Kc7 56.Qe7+ Kb8
57.Qe8+ Ka7 58.Qd7+ Ka6 59.Qa4+ Qa5 60.Qc6+ Qb6  1/2-1/2

[Event "4th Penang Heritage City Open"]
[Site "Penang MAS"]
[Date "2012.12.14"]
[Round "7.3"]
[White "Bitoon,Jimson"]
[Black "De Ramos,Ju"]
[Result "0-1"]
[WhiteElo "2290"]
[BlackElo "2362"]

1.e4 e6 2.d4 d5 3.Nc3 Nf6 4.e5 Nfd7 5.f4 c5 6.Nf3 Nc6 7.Be3 a6 8.Qd2 b5 9.g3 Qb6
10.Bh3 cxd4 11.Nxd4 Bc5 12.Nce2 b4 13.O-O a5 14.Rad1 Ba6 15.c3 O-O 16.Bf2 bxc3
17.bxc3 Nxd4 18.cxd4 Bb4 19.Qe3 Qb5 20.Nc1 g6 21.Kh1 Rac8 22.f5 exf5 23.g4 Rc3
24.Qh6 f4 25.Bg2 f3 26.Bh3 Qc6 27.Rg1 Rc2 28.Qe3 Qc3 29.Nd3 Rxf2 30.Qxf2 Bxd3
31.g5 Nb6 32.Bg4 Be4 33.Rgf1 Nc4 34.Rc1 Qe3 35.Bxf3 Bxf3+ 36.Qxf3 Qxd4 37.Rcd1 Nd2
38.Qf4 Qe4+ 39.Qxe4 dxe4 40.Rfe1 Re8 41.a3 Bxa3 42.e6 Bb4 43.exf7+ Kxf7 44.Re3 Re7
45.Ra1 Nc4 46.Rh3 Kg7 47.Rh4 Nd6 48.Ra2 Nf5 49.Rf4 e3 50.Re2 Bd2 51.Kg2 Rd7
52.h4 Nd4  0-1

[Event "TCh-NED Meesterklasse 2012-13"]
[Site "Netherland NED"]
[Date "2012.12.15"]
[Round "5.3"]
[White "Michielsen,J"]
[Black "Wempe,Jo"]
[Result "1-0"]
[WhiteElo "2379"]
[BlackElo "2280"]

1.e4 e6 2.d4 d5 3.Nc3 Nf6 4.e5 Nfd7 5.f4 c5 6.Nf3 Nc6 7.Be3 Be7 8.Qd2 b6
9.Be2 O-O 10.O-O f6 11.dxc5 fxe5 12.Nxd5 Bxc5 13.fxe5 Ndb8 14.Bxc5 bxc5 15.Nf4 Qxd2
16.Nxd2 Nxe5 17.Ne4 Nbc6 18.c3 c4 19.Nd6 g5 20.Nh3 Ba6 21.Nxg5 Rfd8 22.Nde4 Nd3
23.Rf7  1-0

[Event "TCh-NED Meesterklasse 2012-13"]
[Site "Netherland NED"]
[Date "2012.12.15"]
[Round "5.7"]
[White "Kuipers,S"]
[Black "Kuijf,R"]
[Result "0-1"]
[WhiteElo "2434"]
[BlackElo "2401"]

1.e4 e6 2.d4 d5 3.Nc3 Nf6 4.e5 Nfd7 5.f4 c5 6.Nf3 Nc6 7.Be3 a6 8.Qd2 cxd4
9.Nxd4 Bc5 10.O-O-O O-O 11.h4 Nxd4 12.Bxd4 b5 13.Kb1 b4 14.Na4 Bxd4 15.Qxd4 a5
16.Rh3 Ba6 17.Bxa6 Rxa6 18.c4 bxc3 19.Rxc3 Qxh4 20.Rc7 Rd8 21.Nc3 Raa8 22.Nb5 Rac8
23.Qc3 Ra8 24.g3 Qg4 25.Rc1 Nb6 26.Nd6 Rf8 27.b3 d4 28.Qxd4 Nd5 29.R7c4 Qxg3
30.f5 Qe3 31.Qb2 exf5 32.Rd1 Qf3 33.Rcd4  0-1

[Event "19th Zadar Open A"]
[Site "Zadar CRO"]
[Date "2012.12.18"]
[Round "4.1"]
[White "Brkic,A"]
[Black "Sumets,A"]
[Result "1/2-1/2"]
[WhiteElo "2583"]
[BlackElo "2638"]

1.e4 e6 2.d4 d5 3.Nc3 Nf6 4.e5 Nfd7 5.f4 c5 6.Nf3 Nc6 7.Be3 a6 8.Qd2 b5 9.Nd1 cxd4
10.Nxd4 Nxd4 11.Bxd4 Bc5 12.c3 O-O 13.Be2 Qb6 14.O-O b4 15.Ne3 a5 16.Rf3 f6
17.exf6 Nxf6 18.Bxc5 Qxc5 19.Qd4  1/2-1/2

[Event "19th Zadar Open A"]
[Site "Zadar CRO"]
[Date "2012.12.19"]
[Round "6.3"]
[White "Brkic,A"]
[Black "Predojevic,B"]
[Result "1/2-1/2"]
[WhiteElo "2583"]
[BlackElo "2600"]

1.e4 e6 2.d4 d5 3.Nc3 Nf6 4.e5 Nfd7 5.f4 c5 6.Nf3 Nc6 7.Be3 Be7 8.a3 Qb6
9.Na4 Qa5+ 10.Bd2 Qc7 11.dxc5 Nxc5 12.Nxc5 Bxc5 13.Bd3 a5 14.Qe2 Qb6 15.O-O-O  1/2-1/2

[Event "Groningen Open A"]
[Site "Groningen NED"]
[Date "2012.12.27"]
[Round "6.2"]
[White "Andriasian,Z"]
[Black "Hovhanisian,M"]
[Result "1-0"]
[WhiteElo "2605"]
[BlackElo "2477"]

1.e4 e6 2.d4 d5 3.Nc3 Nf6 4.e5 Nfd7 5.f4 c5 6.Nf3 Nc6 7.Be3 cxd4 8.Nxd4 Nxd4
9.Bxd4 Bc5 10.Bxc5 Nxc5 11.Qd4 Qb6 12.O-O-O O-O 13.h4 a5 14.h5 Bd7 15.h6 g6
16.Nxd5 exd5 17.e6 Nb3+ 18.axb3 Qxd4 19.exf7+ Rxf7 20.Rxd4 a4 21.bxa4 Rxa4
22.Rxa4 Bxa4 23.g3 g5 24.Bg2 Bc6 25.Bh3 Bd7 26.Bxd7 Rxd7 27.fxg5 Kf7 28.Re1 d4
29.Re5 d3 30.cxd3 Rxd3 31.Rb5 Rxg3 32.Rxb7+ Ke6 33.Rxh7 Rxg5 34.Rh8 Rc5+
35.Kb1 Kf6 36.Rb8 Rh5 37.Rb6+ Kf7 38.Ka2 Ke8 39.Rb8+  1-0

[Event "XXIII Krakow Open"]
[Site "Krakow POL"]
[Date "2012.12.27"]
[Round "1.13"]
[White "Dragun,K"]
[Black "Ivaschenko,Dmitry"]
[Result "1-0"]
[WhiteElo "2461"]
[BlackElo "2175"]

1.e4 e6 2.d4 d5 3.Nc3 Nf6 4.e5 Nfd7 5.f4 c5 6.Nf3 cxd4 7.Nxd4 Nc6 8.Be3 Ndb8
9.Nf3 b6 10.Nb5 Be7 11.c4 O-O 12.cxd5 exd5 13.Be2 Bb4+ 14.Kf2 Be6 15.Rf1 Be7
16.Rc1 Qd7 17.a3 Rc8 18.Kg1 a6 19.Nbd4 Ra7 20.b4 Bd8 21.Bd3 Nxd4 22.Nxd4 Bg4
23.Qd2 Rxc1 24.Rxc1 Qe8 25.Qa2 Rd7 26.h3 Bh5 27.Rc8 f6 28.e6  1-0

[Event "5th Marseille Open"]
[Site "Marseille FRA"]
[Date "2012.12.27"]
[Round "3.52"]
[White "Baroyan,Davit"]
[Black "Catot,Olivier"]
[Result "0-1"]
[WhiteElo "1447"]
[BlackElo "1509"]

1.e4 e6 2.d4 d5 3.Nc3 Nf6 4.e5 Nfd7 5.Bd3 c5 6.Bb5 Nc6 7.Nf3 a6 8.Bxc6 bxc6
9.O-O cxd4 10.Qxd4 c5 11.Qg4 g6 12.Bg5 Qc7 13.Qh4 Bg7 14.Bf6 Bxf6 15.exf6 Bb7
16.Qh6 O-O-O 17.Qg7 Nb6 18.Ng5 Rdf8 19.Nxh7 Bc6 20.Qxf8+ Rxf8 21.Nxf8 Qe5
22.Nh7 Qh5 23.Nf8 Qh8 24.Nxe6 fxe6 25.Rfe1 Qxf6 26.Ne2 Nd7 27.b3 Ne5 28.Ng3 Ng4
29.f3 Qd4+ 30.Kh1 Nf2+ 31.Kg1 Nh3+ 32.Kh1 Qg1+ 33.Rxg1 Nf2+  0-1

[Event "XLII Rilton Cup"]
[Site "Stockholm SWE"]
[Date "2013.01.02"]
[Round "6.17"]
[White "Lindberg,Be"]
[Black "Olund,Joar"]
[Result "1/2-1/2"]
[WhiteElo "2432"]
[BlackElo "2193"]

1.e4 e6 2.d4 d5 3.Nc3 Nf6 4.e5 Nfd7 5.f4 c5 6.Nf3 Nc6 7.Be3 a6 8.Qd2 b5 9.Nd1 f5
10.c3 c4 11.h3 Be7 12.g4 a5 13.Qg2 O-O 14.Rg1 g6 15.Qh2 Bh4+ 16.Kd2 Be7 17.h4 fxg4
18.Rxg4 Rf7 19.h5 Nf8 20.Be2 b4 21.Bf2 a4 22.a3 bxa3 23.bxa3 Na5 24.Ke1 Nb3
25.Ra2 Nc1 26.Rc2 Nxe2 27.Rxe2 Bxa3 28.hxg6 Nxg6 29.Ng5 Raa7 30.Nxf7 Rxf7
31.Bh4 Be7 32.Bxe7 Qxe7 33.Ne3 Qa3 34.Nd1 Qf8 35.Reg2 Rg7 36.Rg5 Bd7 37.R2g4 a3
38.Rg2 Ba4 39.f5 exf5 40.Qh5 Qb8 41.Rd2 Qb1 42.Qf3 a2 43.Qxd5+ Kh8 44.Qd8+ Rg8
45.Qf6+ Rg7 46.Qd8+ Rg8 47.Qf6+ Rg7  1/2-1/2

[Event "XXIII Krakow Open"]
[Site "Krakow POL"]
[Date "2013.01.03"]
[Round "8.24"]
[White "Hirneise,J"]
[Black "Martinsen,S"]
[Result "1/2-1/2"]
[WhiteElo "2327"]
[BlackElo "2166"]

1.e4 e6 2.d4 d5 3.Nc3 Nf6 4.e5 Nfd7 5.Nce2 c5 6.c3 Nc6 7.Nf3 b5 8.a3 a5 9.Nf4 Ba6
10.h4 Qb6 11.Rh3 b4 12.Rg3 Bxf1 13.Kxf1 bxc3 14.bxc3 Ne7 15.h5 Nf5 16.Rh3 Rb8
17.g4 Nh6 18.g5 Nf5 19.g6 fxg6 20.Ng5 Qa6+ 21.Kg1 Rb6 22.hxg6 h6 23.Nf7 Rg8
24.a4 cxd4 25.cxd4 Bb4 26.Bb2 Rc6 27.Rc1 Rxc1 28.Qxc1 Ke7 29.Qc2 Qb7 30.Rh5 Rc8
31.Qd3 Qc6 32.Ng2 Nb6 33.Rh1  1/2-1/2

[Event "18th Bosnjaci Open"]
[Site "Bosnjaci CRO"]
[Date "2013.01.06"]
[Round "6.3"]
[White "Cabarkapa,N"]
[Black "Zaja,I"]
[Result "1/2-1/2"]
[WhiteElo "2313"]
[BlackElo "2488"]

1.e4 e6 2.d4 d5 3.Nc3 Nf6 4.e5 Ng8 5.f4 c5 6.Nf3 Nc6 7.Be3 b6 8.Qd2 a6 9.Be2 Nh6
10.Nd1 Nf5 11.c3 Be7 12.O-O f6 13.Bf2 fxe5 14.fxe5 h5 15.Ne3 g5 16.g4 hxg4
17.Nxg4 c4 18.Be3 Rg8 19.Kh1 Kd7 20.Nf6+ Bxf6 21.exf6 Qxf6 22.Bxg5 Qh8 23.Bf4 Bb7
24.Ne5+ Nxe5 25.Bxe5 Qh4 26.Qe1 Qh3 27.Rg1 Qe3 28.Rf1 Qh3 29.Rg1 Qe3 30.Rf1  1/2-1/2

[Event "Australian Open 2013"]
[Site "Cammeray AUS"]
[Date "2013.01.07"]
[Round "6.10"]
[White "Tan,Ju2"]
[Black "Broekhuyse,P"]
[Result "1-0"]
[WhiteElo "2284"]
[BlackElo "2081"]

1.e4 e6 2.d4 d5 3.Nc3 Nf6 4.e5 Nfd7 5.f4 c5 6.Nf3 Nc6 7.Be3 f6 8.exf6 Qxf6
9.g3 cxd4 10.Bxd4 Nxd4 11.Qxd4 Qxd4 12.Nxd4 Nf6 13.a3 Bc5 14.O-O-O Ng4 15.Rd2 O-O
16.Be2 Nf6 17.Re1 Bd7 18.Bb5 Bxd4 19.Rxd4 Bxb5 20.Nxb5 Ne4 21.Nc7 Rac8 22.Nxe6 Rfe8
23.f5 Nf6 24.g4 Rc4 25.Rxc4 dxc4 26.h3 Nd5 27.Rd1 Nf6 28.Rd4 b5 29.Kd2 h6
30.c3 Rb8 31.Ke3 a5 32.h4 b4 33.axb4 axb4 34.g5 bxc3 35.bxc3 hxg5 36.hxg5 Ne8
37.g6 Nf6 38.Rxc4 Nd5+ 39.Ke4  1-0

[Event "11th Parsvnath Open"]
[Site "New Delhi IND"]
[Date "2013.01.07"]
[Round "4.26"]
[White "Shyam,N"]
[Black "Das,Say"]
[Result "1/2-1/2"]
[WhiteElo "2409"]
[BlackElo "2312"]

1.e4 e6 2.d4 d5 3.Nc3 Nf6 4.e5 Nfd7 5.f4 c5 6.Nf3 Nc6 7.Be3 Be7 8.Qd2 O-O
9.dxc5 Bxc5 10.O-O-O Qb6 11.Nd4 Nxd4 12.Bxd4 Bxd4 13.Qxd4 Qxd4 14.Rxd4 Nc5
15.g3 Bd7 16.b4 Na6 17.Bxa6 bxa6 18.Ne4 Rfc8 19.Nd6 Rc7 20.Kd2 Rb8 21.Rb1 Rb6
22.c4 dxc4 23.Nxc4 Rbc6 24.Ne3 Kf8 25.Rb3 Be8 26.Rdd3 Rc1 27.Rbc3 Rh1 28.h4 Rh2+
29.Kc1 Bb5 30.a3 Rh3 31.Ng4 Rh1+ 32.Kd2 Rg1 33.Nf2 Rg2 34.Ke1 Rg1+ 35.Kd2  1/2-1/2

[Event "Prague Open A 2013"]
[Site "Prague CZE"]
[Date "2013.01.11"]
[Round "3.13"]
[White "Nemcova,Kat"]
[Black "Thompson,I"]
[Result "1-0"]
[WhiteElo "2357"]
[BlackElo "2239"]

1.e4 e6 2.d4 d5 3.Nc3 Nf6 4.e5 Nfd7 5.f4 c5 6.Nf3 Nc6 7.Be3 cxd4 8.Nxd4 Bc5
9.Qd2 O-O 10.O-O-O a6 11.Qf2 Nxd4 12.Bxd4 Qe7 13.Kb1 f6 14.exf6 gxf6 15.f5 Bxd4
16.Qxd4 Ne5 17.Bd3 Kh8 18.Rhe1 Nc6 19.Qh4 e5 20.Nxd5 Qg7 21.Be4 Bd7 22.Re3 Nd4
23.Rg3 Qf7 24.Rxd4 exd4 25.Nf4 Rg8 26.Ng6+ Rxg6 27.fxg6 Qg7 28.gxh7 Qe7 29.b3 Re8
30.Bxb7 Bf5 31.Rg8+ Rxg8 32.hxg8=Q+ Kxg8 33.Bxa6 Bg6 34.Qg3 Kh8 35.Bc4 Bh7
36.a4 Qb4 37.Qh4 Kg7 38.Qxd4 Qa3 39.Qd7+ Kh6 40.Bd3  1-0

[Event "PSC Cup 2013"]
[Site "Manila PHI"]
[Date "2013.01.17"]
[Round "6.2"]
[White "Nolte,R"]
[Black "Rakhmanov,Ale"]
[Result "1/2-1/2"]
[WhiteElo "2460"]
[BlackElo "2612"]

1.e4 e6 2.d4 d5 3.Nc3 Nf6 4.e5 Nfd7 5.f4 c5 6.Nf3 Nc6 7.Be3 cxd4 8.Nxd4 Bc5
9.Qd2 Nxd4 10.Bxd4 Bxd4 11.Qxd4 Qb6 12.Nb5 Qxd4 13.Nxd4 Ke7 14.Bb5 a6 15.Bxd7 Bxd7
16.Kd2 h5 17.h4 Rh6 18.g3 Rg6 19.Rhg1 Rc8 20.c3 Rh6 21.Rge1 Rhh8 22.a4 a5
23.b3 b6 24.Re3 g6 25.Ree1 Rc7 26.Re3 Rcc8 27.Ree1 Rc7 28.Re3 Rcc8 29.Ree1 Rc7
30.Re3  1/2-1/2

[Event "Dvorkovich Mem 2013"]
[Site "Taganrog RUS"]
[Date "2013.01.18"]
[Round "4.19"]
[White "Arshaev,A"]
[Black "Pushkov,N"]
[Result "1/2-1/2"]
[WhiteElo "1911"]
[BlackElo "2374"]

1.e4 e6 2.d4 d5 3.Nc3 Nf6 4.e5 Nfd7 5.Nf3 c5 6.dxc5 Nc6 7.Bf4 Bxc5 8.Bd3 f6
9.exf6 Qxf6 10.Bg3 O-O 11.O-O Nd4 12.Nxd4 Bxd4 13.Qe2 Nc5 14.Rae1 Bd7 15.Bb5 Bc6
16.Bxc6 bxc6 17.Be5 Bxe5 18.Qxe5 Qxe5 19.Rxe5 Rab8 20.b3 Rf6 21.Rfe1 Kf7
22.R5e2 Ke7 23.f3 Kd6 24.Rd2 Kc7 25.Nd1 a5 26.Nf2 Rf5 27.Rde2 Re8 28.Ng4 Kd6
29.Ne3 Rf7 30.Rd2 Kc7 31.Ng4 Rf5 32.Rde2 Kd6 33.Ne3 Rff8 34.Ng4 Rf5 35.Ne3 Rff8  1/2-1/2

[Event "5th Chennai Open 2013"]
[Site "Chennai IND"]
[Date "2013.01.19"]
[Round "4"]
[White "Kumaran,B"]
[Black "Rathnakaran,K"]
[Result "1-0"]
[WhiteElo "2222"]
[BlackElo "2434"]

1.e4 e6 2.d4 d5 3.Nc3 Nf6 4.e5 Nfd7 5.Nce2 c5 6.c3 Nc6 7.f4 cxd4 8.cxd4 f6
9.Nf3 Bb4+ 10.Bd2 O-O 11.Bxb4 Nxb4 12.a3 Nc6 13.Qd2 fxe5 14.fxe5 Rxf3 15.gxf3 Qh4+
16.Kd1 Nb6 17.b3 Qf2 18.Qf4 Bd7 19.Qg3 Qe3 20.f4 Qe4 21.Rg1 g6 22.Bg2 Qf5
23.Bh3 Qf8 24.Qd3 a5 25.Kd2 Qh6 26.Rg5 a4 27.Rag1 Kf7 28.b4 Nc4+ 29.Ke1 Ne7
30.Qf3 Rc8 31.R1g3 Bb5 32.Bxe6+ Kxe6 33.Rh3 Qg7 34.f5+ Kd7 35.e6+ Kc7 36.f6 Qg8
37.Nf4 Nf5 38.Rxf5 gxf5 39.Rg3 Qd8 40.f7 Qh4 41.Nxd5+ Kd6 42.Qf4+ Qxf4 43.Nxf4 Ke7
44.Rg8 Nd6 45.Rxc8 Nxc8 46.Nd5+ Kf8 47.Nf6  1-0

[Event "5th Chennai Open 2013"]
[Site "Chennai IND"]
[Date "2013.01.19"]
[Round "7"]
[White "Kumaran,B"]
[Black "Ram,S"]
[Result "1/2-1/2"]
[WhiteElo "2222"]
[BlackElo "2327"]

1.e4 e6 2.d4 d5 3.Nc3 Nf6 4.e5 Nfd7 5.Nce2 c5 6.c3 cxd4 7.cxd4 f6 8.f4 fxe5
9.fxe5 Bb4+ 10.Kf2 O-O+ 11.Nf3 Nc6 12.Be3 Ndxe5 13.dxe5 Nxe5 14.Bd4 Qh4+
15.Ng3 Nxf3 16.gxf3 e5 17.Bxe5 Bc5+ 18.Ke1 Bb4+ 19.Kf2 Bc5+ 20.Ke1 Bb4+  1/2-1/2

[Event "TCh-SVK Extraliga 2012-13"]
[Site "Slovakia SVK"]
[Date "2013.01.19"]
[Round "5.2"]
[White "Manik,M"]
[Black "Stocek,J"]
[Result "1/2-1/2"]
[WhiteElo "2370"]
[BlackElo "2557"]

1.e4 e6 2.d4 d5 3.Nc3 Nf6 4.e5 Nfd7 5.f4 c5 6.Nf3 Nc6 7.Be3 a6 8.Qd2 Qb6
9.Nd1 cxd4 10.Nxd4 Nxd4 11.Bxd4 Bc5 12.Bxc5 Nxc5 13.Qd4 Bd7 14.Ne3 Bb5 15.O-O-O Rc8
16.Kb1 O-O 17.g3 Bxf1 18.Rhxf1 Rc6 19.c4 Na4 20.Qxb6 Rxb6 21.Rd2 d4 22.Ng4 Rb4
23.Ka1 b5 24.cxb5 axb5 25.Rfd1 Rd8 26.Nf2 Nc5 27.Nd3 Rc4 28.b3 Rc3 29.Nxc5 Rxc5
30.Rxd4 Rxd4 31.Rxd4 g5 32.Kb2 gxf4 33.gxf4 Kg7 34.a4 bxa4 35.bxa4 f6 36.exf6+ Kxf6
37.Kb3 Rh5 38.Rd2 Kf5 39.a5 Kxf4 40.a6 Rb5+ 41.Ka4 Rb8 42.a7 Ra8 43.Rd7 h5
44.Rf7+ Kg4 45.Kb5 h4 46.Kc6 e5 47.Kd5 Kh3 48.Rh7 Kg2 49.Rxh4  1/2-1/2

[Event "e2e4 Chester Open"]
[Site "Chester ENG"]
[Date "2013.01.20"]
[Round "5"]
[White "Fernandez,Michael"]
[Black "Olbison,Philip J"]
[Result "1-0"]
[WhiteElo "1842"]
[BlackElo "2050"]

1.e4 e6 2.d4 d5 3.Nc3 Nf6 4.e5 Nfd7 5.f4 a6 6.Nf3 c5 7.Be3 Nc6 8.dxc5 Nxc5
9.Nd4 Be7 10.Be2 Bd7 11.O-O Qc7 12.a3 b5 13.Nxc6 Bxc6 14.Qd2 Rb8 15.Nd1 Ne4
16.Qc1 Bb7 17.Nf2 Nc5 18.Nd3 Na4 19.Qd2 Rc8 20.Rfc1 Nb6 21.b3 Nd7 22.Bd4 h6
23.c3 a5 24.Qe3 a4 25.b4 Nb8 26.Bb6 Qc6 27.Bd4 Nd7 28.Kf2 Kd8 29.Nb2 Ra8
30.Qd3 Ba6 31.Bf3 Rc8 32.Qe3 g5 33.g3 Rg8 34.Qd3 Rg7 35.Rg1 Kc7 36.Nd1 Rf8
37.Ne3 f6 38.exf6 Nxf6 39.Be5+ Kc8 40.Qd4 Rgf7 41.Rac1 Bd8 42.Ke2 Bb6 43.Qd3 Ba7
44.Bd4 Bb8 45.Bc5 Bd6 46.Bxd6 Qxd6 47.fxg5 Nd7 48.Bh5 Rf2+ 49.Ke1 Ne5 50.Qd4 Rxh2
51.Be2 Rff2 52.Bd1 Qf8 53.Ng4 Nxg4 54.Bxg4 Qf7 55.c4  1-0

[Event "TCh-SVK Extraliga 2012-13"]
[Site "Slovakia SVK"]
[Date "2013.01.20"]
[Round "6.2"]
[White "Druska,J"]
[Black "Repka,C"]
[Result "1-0"]
[WhiteElo "2310"]
[BlackElo "2228"]

1.e4 e6 2.d4 d5 3.Nc3 Nf6 4.e5 Nfd7 5.f4 c5 6.Nf3 a6 7.Be3 Nc6 8.Qd2 b5 9.a3 g5
10.Ne2 g4 11.Nfg1 Qb6 12.h3 gxh3 13.Rxh3 a5 14.Nf3 Ba6 15.dxc5 Bxc5 16.Nfd4 b4
17.Nxc6 bxa3 18.Rxa3 Bxe2 19.Bxe2 Qxc6 20.Rxa5 Rb8 21.Bxc5 Nxc5 22.Rc3  1-0

[Event "5th Chennai Open 2013"]
[Site "Chennai IND"]
[Date "2013.01.21"]
[Round "9"]
[White "Kiran,M"]
[Black "Ram,S"]
[Result "0-1"]
[WhiteElo "2179"]
[BlackElo "2327"]

1.e4 e6 2.d4 d5 3.Nc3 Nf6 4.e5 Nfd7 5.f4 c5 6.Nf3 Nc6 7.Be3 cxd4 8.Nxd4 Bc5
9.Qd2 O-O 10.O-O-O a6 11.Qf2 Qe7 12.Bd3 Nxd4 13.Bxd4 b5 14.Rhe1 b4 15.Ne2 a5
16.Kb1 Ba6 17.g4 Rfc8 18.Qe3 a4 19.f5 Bxd3 20.cxd3 b3 21.a3 Bxa3 22.f6 Qf8
23.bxa3 Qxa3 24.Rd2 Rc2 25.Rxc2 bxc2+ 26.Kxc2 Rc8+ 27.Nc3 Qb3+ 28.Kd2 Qb2+
29.Kd1 Rxc3 30.Bxc3 Qxc3 31.Re2 gxf6 32.exf6 Qxf6 33.Qa7 Qa1+ 34.Kd2 Nf6
35.Rf2 Qb2+ 36.Kd1 Qb1+ 37.Kd2 Qb4+ 38.Kc2 h6 39.h4 Qb3+ 40.Kd2 Qb2+ 41.Kd1 Qa1+
42.Kd2 Qe5 43.Qxa4 d4 44.Qa8+ Kg7 45.Qg2 Qe3+ 46.Kc2 Nd5 47.Qf3 f6 48.Kb3 Qe1
49.Rb2 Qc3+ 50.Ka2 Nb4+ 51.Rxb4 Qxb4 52.Qc6 Qd2+ 53.Ka1 Qc3+ 54.Qxc3 dxc3
55.Kb1 h5 56.gxh5 Kh6 57.Kc2 Kxh5 58.Kxc3 Kxh4 59.Kd4 Kg3 60.Ke4 f5+ 61.Ke5 f4
62.d4 f3 63.Kxe6 f2  0-1

[Event "13th ch-CRO 2013"]
[Site "Plitvicka Jezera CRO"]
[Date "2013.01.21"]
[Round "1.1"]
[White "Saric,Iv"]
[Black "Martinovic,Sa"]
[Result "1/2-1/2"]
[WhiteElo "2614"]
[BlackElo "2538"]

1.e4 e6 2.d4 d5 3.Nc3 Nf6 4.e5 Nfd7 5.f4 c5 6.Nf3 Nc6 7.Be3 cxd4 8.Nxd4 Qb6
9.a3 Bc5 10.Ncb5 Nxd4 11.Bxd4 O-O 12.b4 Bxd4 13.Qxd4 a5 14.Rd1 axb4 15.axb4 Qxd4
16.Nxd4 Nb6 17.Bd3 Bd7 18.Kd2 Ra4 19.Rb1 Rc8 20.Rhc1 Kf8 21.g3 Ke7 22.h4 h5
23.c3 Ra2+ 24.Rc2 Ra3 25.Rcc1 Ra2+ 26.Rc2 Ra3 27.Rcc1  1/2-1/2

[Event "TCh-CAT Div Hon 2013"]
[Site "Catalonia ESP"]
[Date "2013.01.26"]
[Round "2.8"]
[White "Yepes Martinez,E"]
[Black "Castellano Egea,E"]
[Result "1-0"]
[WhiteElo "2231"]
[BlackElo "2192"]

1.e4 e6 2.d4 d5 3.Nc3 Nf6 4.e5 Nfd7 5.Qg4 Nb6 6.Nf3 a6 7.Bd3 c5 8.dxc5 N6d7
9.O-O Nc6 10.Re1 Nxc5 11.Bf1 b5 12.a3 g6 13.Bg5 Be7 14.b4 Nd7 15.Bh6 Bf8
16.Qf4 Bxh6 17.Qxh6 Qe7 18.Rad1 Qf8 19.Qf4 Qg7 20.Nxd5 exd5 21.e6 fxe6 22.Rxe6+ Ne7
23.Rde1 Rf8 24.Qd6 Rf7 25.Ng5 Kd8  1-0

[Event "e2e4 West Bromwich Open"]
[Site "West Bromwich ENG"]
[Date "2013.01.26"]
[Round "2"]
[White "Eggleston,D"]
[Black "Webster,R"]
[Result "1-0"]
[WhiteElo "2352"]
[BlackElo "1977"]

1.e4 e6 2.d4 d5 3.Nc3 Nf6 4.e5 Nfd7 5.f4 c5 6.Nf3 Nc6 7.Be3 a6 8.Qd2 b5 9.a3 Qb6
10.Ne2 b4 11.axb4 cxb4 12.b3 f5 13.h3 Bb7 14.g4 g6 15.Bg2 Rc8 16.gxf5 gxf5
17.Ng5 Nd8 18.Bf3 a5 19.Bh5+ Ke7 20.Bf2 Nb8 21.Rg1 Rc6 22.Bh4 Kd7 23.Nf3 Bh6
24.Bf6 Rf8 25.Bg7  1-0